| 000 | 01128nam a2200205Ia 4500 | ||
|---|---|---|---|
| 003 | Ost | ||
| 005 | 20260507075300.0 | ||
| 008 | 260507s9999||||xx |||||||||||||| ||und|| | ||
| 040 | _cfsecg | ||
| 041 | _aara | ||
| 082 | _a330 | ||
| 100 |
_aاحمد شكر، ليلى حسام الدين _eمؤلف |
||
| 245 | 0 |
_aأثر التقدم في تكنولوجيا المعلومات على الخصائص النوعية و الكمية للموارد البشرية / _c ليلى حسام الدين احمد شكر |
|
| 260 |
_aالقاهرة: _bالمنظمة العربية للتنمية الادارية, _c2011 |
||
| 300 |
_a84 صفحة؛ _c24 سم |
||
| 520 | _aأهمية و تطور تكنولوجيا المعلومات و أثر التقدم في هذه التكنولوجيا على الخصائص النوعية و الخصائص الكمية للموارد البشرية ، الفجوة المعرفية في الدراسات السابقة و البحوث المستقبلية المقترحة. | ||
| 653 | _aالموارد البشرية | ||
| 653 | _aتكنولوجيا المعلومات | ||
| 942 | _cكتاب | ||
| 999 |
_c43784 _d43784 |
||